| 000 | 00901nam1a22002411i 4500 | ||
|---|---|---|---|
| 001 | rc\3516978 | ||
| 005 | 20240723203721.0 | ||
| 035 | _a(NLR Aleph) 007660004 | ||
| 090 |
_a6321458 _c6321458 |
||
| 100 | _a20130115g1972 |||y0rusy50 ca | ||
| 101 | 0 | _arus | |
| 102 | _aRU | ||
| 105 | _a z ||||| | ||
| 200 | 1 |
_aОсновной курс теоретической механики _e[В 2 ч. _eДля гос. ун-тов] _fВ перераб. и с доп. С.М. Тарга. Ч. 1- |
|
| 210 |
_aМосква _cНаука _d1972- |
||
| 215 | _d22 | ||
| 606 |
_aМеханика теоретическая _jУчебники и пособия _2psbo |
||
| 700 | 1 |
_aБухгольц _bН.Н. _f1881- _gНиколай Николаевич |
|
| 702 | 1 |
_aТарг _bС.М. _gСемен Михайлович _4570 |
|
| 801 | 0 |
_aRU _bNLR _gpsbo |
|
| 801 | 1 |
_aRU _bELAR _2rusmarc |
|
| 852 |
_aNLR _j71-5/7608 |
||
| 942 | _cBOOK | ||